World's largest airlines (By most destinations.) - Statistics

General Stats
  • This quiz has been taken 162 times
  • The average score is 7 of 10
Answer Stats
Ranking Answer # of Destinations % Correct
T-1: American Airlines 350
96%
4: Delta Air Lines 325
93%
3: United Airlines 342
90%
7: Lufthansa 220
84%
5: Turkish Airlines 302
74%
10: Ryanair 205
68%
T-1: Air Canada 350
57%
9: China Southern Airlines 208
56%
8: China Eastern Airlines 217
53%
6: Skywest Airlines 233
10%
No matching quizzes found
Score Distribution
Percent of People with Each Score
Percentile by Number Answered
Your Score History
You have not taken this quiz